000 00231nam a2200097 a 4500
005 20201002053432.0
008 180424s2004 000 spa d
245 0 _aAprender jugando :.
260 _a[s.l.],
_c[s.f.].
999 _c46682
_d46682
040 _aDO-SdBNP